LIBRARY & INFORMATION CENTRE, KCAET, TAVANUR

ONLINE PUBLIC ACCESS CATALOGUE (OPAC)

Hand book of animal husbandary for extension workers / (Record no. 1864)

MARC details
000 -LEADER
fixed length control field 00442cam a2200169ua 4500
041 ## - LANGUAGE CODE
Language code of text/sound track or separate title eng
082 ## - DEWEY DECIMAL CLASSIFICATION NUMBER
Classification number 636
Item number HAR/HA
100 ## - MAIN ENTRY--AUTHOR NAME
Personal name Harbans, Singh .
245 ## - TITLE STATEMENT
Title Hand book of animal husbandary for extension workers /
260 ## - PUBLICATION, DISTRIBUTION, ETC. (IMPRINT)
Place of publication :
Name of publisher Ministry of I&B, Govt. of India ,
Year of publication 1963.
300 ## - PHYSICAL DESCRIPTION
Number of Pages 160 ; .
942 ## - ADDED ENTRY ELEMENTS (KOHA)
Koha item type Books
Holdings
Withdrawn status Lost status Damaged status Home library Current library Date acquired Cost, normal purchase price Full call number Accession Number Koha item type
Withdrawn     KAUAET KAUAET 07/04/2012 1.50 636 7839 Books
free website counter